00494nam a2200193Ia 4500003000900000008004100009040001300050040001300063041000800076100001900084245010800103250001100211260001300222260000900235300001100244300001000255490000600265600002900271IT-RoPAU120407s9999 xx 000 0 und d aIT-RoPAU cIT-RoPAU aita aWalter Brugger aDizionario di filosofia. A cura di Walter Brugger e dei professori dell’Istituto Berchmans di Monaco. aTorino aMarietti c1959 a819 p. c17 cm v1 a1. Filosofia - Dizionari